000 00435nmm a2200157Ia 4500
008 251105s9999||||xx |||||||||||||||||und||
020 _a9781558851993
041 _aeng
100 _aMartinez, Max
245 0 _aLayover
264 _a[Washington, Estados Unidos] :
_bArte Público Press,
_c2017
300 _a298 páginas
650 _aThriller & Suspense
856 _uhttps://public.digitaliapublishing.com/a/46206
942 _cCF
999 _c74664
_d74664